Logotipos de empresas fusionados #4 - Estadísticas

Estadísticas generales
  • Esta prueba ha sido intentada 24 veces
  • La puntuación promedio es 16 de 32
Estadísticas de respuestas
Hint Sector Respuesta % Correcto
Media 🇬🇧 BBC
90%
Automotor 🇬🇧 Jaguar
90%
Entretenimiento 🇺🇸 Marvel
86%
Entretenimiento 🇺🇸 Netflix
86%
Entretenimiento 🇺🇸 Warner Bros.
86%
Automotor 🇺🇸 Chevrolet
81%
Automotor 🇬🇧 Mini
81%
Comida 🇺🇸 Pizza Hut
81%
Automotor 🇯🇵 Lexus
76%
Finanzas 🇺🇸 PayPal
76%
Bebida 🇺🇸 7 Up
71%
Automotor 🇯🇵 Subaru
67%
Comida 🇺🇸 Subway
67%
Llantas 🇺🇸 Goodyear
62%
Comida 🇺🇸 Papa John's
62%
Bebida 🇺🇸 Dr. Pepper
57%
Aerolinea 🇩🇪 Lufthansa
43%
Juegos 🇫🇷 Atari
38%
Minorista 🇺🇸 Costco
38%
Supermercado 🇩🇪 Aldi
33%
Deporte 🇺🇸 Reebok
33%
Telecomunicación 🇩🇪 T-Mobile
33%
Comida 🇺🇸 Häagen-Dazs
29%
Moda 🇺🇸 Hollister
29%
Ropa de surf 🇦🇺 Billabong
24%
Ropa 🇺🇸 Fruit of the Loom
24%
Aerolinea 🇬🇧 British Airways
19%
Conservación 🇨🇭 WWF
19%
Comida 🇺🇸 Krispy Kreme
14%
Moda 🇬🇧 Fred Perry
10%
Electrodoméstico 🇺🇸 Hoover
5%
Golf 🇺🇸 Titleist
5%
No se encontraron pruebas coincidentes
Distribución de puntuación
Porcentaje de gente con cada puntuación
Porcentaje por número respondido
Historial de tus puntuaciones
No has intentado esta prueba.